| 000 | 00807nas a2200265 4500 | ||
|---|---|---|---|
| 001 | BR0402927 | ||
| 003 | BR-BrBNA | ||
| 005 | 20231205104648.0 | ||
| 007 | ta | ||
| 008 | 230509b bl.|||p| |||| 00| 00por d | ||
| 040 |
_aBR-BrBNA _bpor _cBiblioteca Nacional de Agricultura |
||
| 041 | _a(Pt) | ||
| 072 | _aM11 | ||
| 100 | 1 | _aBatista, V. da S. | |
| 245 | 1 | _aCaracterização da frota pesqueira de Parintins, Itacoatiara e Manacapuru, Estado do Amazonas | |
| 650 | _aPESCA ARTESANAL | ||
| 650 | _aBARCO | ||
| 650 | _aOPERAÇÃO PESQUEIRA | ||
| 650 | _aRENDIMENTO | ||
| 650 | _aANÁLISE COMPARATIVA | ||
| 650 | _aAMAZONAS | ||
| 773 | 0 |
_tActa Amazônica (Brazil) _xISSN 0044-5967 _g(Apr-Jun 2003), v. 33(2) p. 291-302 _wBR0402927 |
|
| 909 |
_a202311 _bLúcia _c55 _dLúcia Elande |
||
| 942 |
_2AGRIS _n0 _cANA |
||
| 999 |
_c179166 _d179166 |
||